[Event "4NCL/Div4/FCA2 vs. PONTY"]
[Site "Wokefield Park ENG"]
[Date "2008.05.05"]
[Round "11.2"]
[White "Waterfield, John"]
[Black "Elwin, Adrian G"]
[Result "1-0"]
[WhiteElo "2023"]
[BlackElo "2022"]
[PlyCount "141"]
[EventDate "2008.05.05"]
[EventType "team"]
[EventRounds "11"]
[EventCountry "ENG"]
[SourceDate "2007.09.15"]

1. e4 c6 2. d4 d5 3. exd5 cxd5 4. c4 Nc6 5. Nf3 e6 6. a3 dxc4 7. Bxc4 Nf6 8.
Nc3 a6 9. Ba2 Be7 10. O-O O-O 11. Re1 Nd5 12. Qd3 Nxc3 13. bxc3 b5 14. Bb1 g6
15. Bh6 Re8 16. h4 Qd5 17. Ba2 Qf5 18. Qxf5 gxf5 19. d5 Nd8 20. Nd4 Bf6 21. Re3
Kh8 22. Nxf5 Rg8 23. dxe6 fxe6 24. Nd6 Rg6 25. Bf4 Bd7 26. Be5 Nc6 27. Bxf6+
Rxf6 28. Rae1 Nd8 29. g3 Ra7 30. Ne4 Rg6 31. Nc5 Rc7 32. Nxd7 Rxd7 33. Bxe6
Nxe6 34. Rxe6 Rxe6 35. Rxe6 Rd1+ 36. Kg2 Rc1 37. Rxa6 Rxc3 38. Ra7 Rb3 39. Kh3
Rf3 40. Ra5 Rb3 41. Kg4 b4 42. axb4 Rxb4+ 43. Kg5 Rb6 44. h5 Kg7 45. h6+ Kf7
46. Ra7+ Kg8 47. Rg7+ Kh8 48. Ra7 Kg8 49. g4 Rg6+ 50. Kh5 Rf6 51. Ra8+ Kf7 52.
Rh8 Rxf2 53. Rxh7+ Kg8 54. Rg7+ Kh8 55. Ra7 Rf8 56. g5 Rb8 57. Rf7 Rb5 58. Kg6
Rb8 59. Rf6 Rg8+ 60. Kh5 Ra8 61. g6 Rb8 62. Kg5 Ra8 63. Re6 Rb8 64. Kf6 Rf8+
65. Ke7 Ra8 66. Rd6 Ra7+ 67. Rd7 Rxd7+ 68. Kxd7 Kg8 69. Ke7 Kh8 70. Kf6 Kg8 71.
g7 1-0

[Event "4NCL/Div4/FCA2 vs. PONTY"]
[Site "Wokefield Park ENG"]
[Date "2008.05.05"]
[Round "11.3"]
[White "Kendall, Paul S N"]
[Black "Davis, Lee"]
[Result "1/2-1/2"]
[WhiteElo "2066"]
[BlackElo "2068"]
[PlyCount "33"]
[EventDate "2008.05.05"]
[EventType "team"]
[EventRounds "11"]
[EventCountry "ENG"]
[SourceDate "2007.09.15"]

1. e4 d6 2. d4 Nf6 3. Nc3 g6 4. f4 Bg7 5. Nf3 O-O 6. e5 dxe5 7. dxe5 Qxd1+ 8.
Nxd1 Nd5 9. c3 Nd7 10. g3 Nc5 11. Ne3 Nxe3 12. Bxe3 Na4 13. O-O-O Bg4 14. Bg2
Rfd8 15. h3 Be6 16. Kb1 h6 17. Rd4 1/2-1/2

[Event "4NCL/Div4/FCA2 vs. PONTY"]
[Site "Wokefield Park ENG"]
[Date "2008.05.05"]
[Round "11.4"]
[White "Robinson, David"]
[Black "Matthews, Adrian"]
[Result "1-0"]
[WhiteElo "1985"]
[BlackElo "1940"]
[PlyCount "111"]
[EventDate "2008.05.05"]
[EventType "team"]
[EventRounds "11"]
[EventCountry "ENG"]
[SourceDate "2007.09.15"]

1. e4 c5 2. c3 d5 3. exd5 Qxd5 4. d4 Nf6 5. Nf3 Bg4 6. Be2 e6 7. O-O Be7 8. Be3
cxd4 9. cxd4 O-O 10. Nc3 Qa5 11. h3 Bh5 12. g4 Bg6 13. Ne5 Nbd7 14. Bf4 Nxe5
15. Bxe5 Nd5 16. Qb3 Nxc3 17. bxc3 Be4 18. f3 Bc6 19. Bd3 Qa3 {=} 20. Qc2 g6
21. Qd2 f6 22. Bf4 Bd6 23. Bh6 Rf7 24. Rae1 Bd5 25. Re2 Qa5 26. c4 Qxd2 27.
Bxd2 Bc6 28. Rxe6 Rd8 29. d5 Bc5+ 30. Kg2 Bd7 31. Re2 Re8 32. Rfe1 Rxe2+ 33.
Rxe2 Re7 34. Rxe7 Bxe7 35. Bc3 b6 36. Bd4 Kf7 37. f4 Bd6 38. Kf3 f5 39. Be5 Ke7
40. gxf5 gxf5 41. Kg3 Bc5 42. Kh4 Kf7 43. Kh5 Be7 44. Bb8 Kg7 45. Be5+ Kf7 46.
Kh6 Kg8 47. d6 Bd8 48. c5 bxc5 49. Bc4+ Kf8 50. Kxh7 Ba4 51. Kg6 Bc2 52. Bf6
Bxf6 53. Kxf6 Ke8 54. h4 Bd1 55. Kxf5 Kd7 56. Ke5 1-0

[Event "4NCL/Div4/FCA2 vs. PONTY"]
[Site "Wokefield Park ENG"]
[Date "2008.05.05"]
[Round "11.5"]
[White "Valentine, Brian J"]
[Black "James, Dai"]
[Result "1/2-1/2"]
[WhiteElo "1995"]
[BlackElo "1994"]
[PlyCount "36"]
[EventDate "2008.05.05"]
[EventType "team"]
[EventRounds "11"]
[EventCountry "ENG"]
[SourceDate "2007.09.15"]

1. e4 e6 2. d3 e5 3. Nc3 Nf6 4. f4 d6 5. Nf3 Nc6 6. g3 Be7 7. Bg2 Bg4 8. O-O
Qd7 9. Be3 h5 10. Qe1 Bxf3 11. Bxf3 h4 12. Nd5 hxg3 13. Qxg3 exf4 14. Qxf4 Ne5
15. Nxf6+ Bxf6 16. d4 Nxf3+ 17. Rxf3 Rh4 18. Qf5 Qxf5 1/2-1/2

[Event "4NCL/Div4/ATH vs. AMCAD"]
[Site "Wokefield Park ENG"]
[Date "2008.05.05"]
[Round "11.1"]
[White "Hopper, Paul"]
[Black "Purdon, Colin"]
[Result "1/2-1/2"]
[WhiteElo "2183"]
[BlackElo "2093"]
[PlyCount "25"]
[EventDate "2008.05.05"]
[EventType "team"]
[EventRounds "11"]
[EventCountry "ENG"]
[SourceDate "2007.09.15"]

1. e4 e5 2. Nc3 Nf6 3. g3 d5 4. exd5 Nxd5 5. Bg2 Be6 6. Nge2 Nc6 7. O-O Be7 8.
d3 O-O 9. f4 Bc5+ 10. Kh1 exf4 11. Nxf4 Nxf4 12. Bxf4 Qd7 13. Ne4 1/2-1/2

[Event "4NCL/Div4/ATH vs. AMCAD"]
[Site "Wokefield Park ENG"]
[Date "2008.05.05"]
[Round "11.2"]
[White "Norman, Kenneth I"]
[Black "Quinn, John M"]
[Result "1-0"]
[WhiteElo "2145"]
[BlackElo "2157"]
[PlyCount "71"]
[EventDate "2008.05.05"]
[EventType "team"]
[EventRounds "11"]
[EventCountry "ENG"]
[SourceDate "2007.09.15"]

1. Nf3 Nf6 2. c4 g6 3. g3 Bg7 4. Bg2 d6 5. d4 O-O 6. Nc3 Nbd7 7. O-O e5 8. e4
exd4 9. Nxd4 Re8 10. h3 a6 11. Re1 Rb8 12. Rb1 Ne5 13. b3 Bd7 14. Bb2 Qc8 15.
Kh2 h5 16. f4 h4 17. gxh4 Nh5 18. Nce2 c5 19. Nf3 Nxf3+ 20. Bxf3 Nf6 21. Ng3
Bxh3 22. h5 gxh5 23. Nxh5 Ng4+ 24. Kg3 Bxb2 25. Rxb2 f5 26. Bxg4 Bxg4 27. Nf6+
Kf7 28. Nxg4 fxg4 29. Rh2 Rh8 30. Reh1 Rxh2 31. Rxh2 Qe6 32. Qh1 Rg8 33. Rh7+
Rg7 34. Qh5+ Kf8 35. Rxg7 Kxg7 36. Qxg4+ 1-0

[Event "4NCL/Div4/ATH vs. AMCAD"]
[Site "Wokefield Park ENG"]
[Date "2008.05.05"]
[Round "11.3"]
[White "Pedersen, Carsten"]
[Black "Bonafont, Philip"]
[Result "1/2-1/2"]
[WhiteElo "2155"]
[BlackElo "2123"]
[PlyCount "88"]
[EventDate "2008.05.05"]
[EventType "team"]
[EventRounds "11"]
[EventCountry "ENG"]
[SourceDate "2007.09.15"]

1. e4 c5 2. Nc3 d6 3. g3 Nc6 4. Bg2 g6 5. d3 Bg7 6. f4 e6 7. Nf3 Nge7 8. O-O
O-O 9. Be3 b6 10. d4 Ba6 11. Re1 Qc7 12. a4 Rad8 13. Nb5 Bxb5 14. axb5 Nxd4 15.
Nxd4 cxd4 16. Bxd4 e5 17. Bc3 d5 18. Bxe5 Qc5+ 19. Kh1 dxe4 20. Qe2 f6 21. Bc3
f5 22. Bxg7 Kxg7 23. Rxa7 Rf7 24. Bf1 Qd4 25. c3 Qc5 26. Qe3 Qxe3 27. Rxe3 Rd1
28. Kg2 Nd5 29. Rxf7+ Kxf7 30. Bc4 Ke6 31. Re2 Kd6 32. Bb3 Rd3 33. Kf2 Kc5 34.
Bxd5 Kxd5 35. Re3 Kc4 36. Rxd3 Kxd3 37. Ke1 Kc4 38. Ke2 Kxb5 39. b3 Kc5 40. Ke3
b5 41. Ke2 b4 42. c4 Kd4 43. Kd2 h6 44. h3 h5 1/2-1/2

[Event "4NCL/Div4/ATH vs. AMCAD"]
[Site "Wokefield Park ENG"]
[Date "2008.05.05"]
[Round "11.4"]
[White "McCullough, Simon L"]
[Black "Stevenson, James A B"]
[Result "0-1"]
[WhiteElo "1976"]
[BlackElo "2080"]
[PlyCount "68"]
[EventDate "2008.05.05"]
[EventType "team"]
[EventRounds "11"]
[EventCountry "ENG"]
[SourceDate "2007.09.15"]

1. Nf3 c5 2. b3 Nf6 3. Bb2 e6 4. g3 b6 5. Bg2 Bb7 6. O-O Be7 7. c4 O-O 8. Nc3
a6 9. d4 cxd4 10. Qxd4 d6 11. Rad1 Qc7 12. Qd2 Nbd7 13. Ng5 Bxg2 14. Kxg2 b5
15. cxb5 axb5 16. Kg1 Qb7 17. Qd3 b4 18. Na4 h6 19. Nf3 Rfc8 20. Bxf6 Nxf6 21.
Nd4 Nd5 22. Qb5 Rab8 23. Qd3 Nc3 24. Rd2 Bf6 25. Nb2 d5 26. Nd1 Qb6 27. e3 e5
28. Nf5 e4 29. Qc2 Ne2+ 30. Rxe2 Rxc2 31. Rxc2 Qe6 32. Nd4 Bxd4 33. exd4 Rc8
34. Re2 Rc1 0-1

[Event "4NCL/Div4/ATH vs. AMCAD"]
[Site "Wokefield Park ENG"]
[Date "2008.05.05"]
[Round "11.5"]
[White "McKeown, Paul"]
[Black "Duvall, Ian"]
[Result "1/2-1/2"]
[WhiteElo "2093"]
[BlackElo "2045"]
[PlyCount "51"]
[EventDate "2008.05.05"]
[EventType "team"]
[EventRounds "11"]
[EventCountry "ENG"]
[SourceDate "2007.09.15"]

1. d4 d5 2. c4 e6 3. Nf3 Nf6 4. Bg5 Nbd7 5. e3 c6 6. Nbd2 Be7 7. Bd3 O-O 8. O-O
dxc4 9. Nxc4 Nd5 10. Bxe7 Qxe7 11. Rc1 N5b6 12. Bb1 Nxc4 13. Qd3 g6 14. Qxc4 e5
15. b4 e4 16. Nd2 Nf6 17. Qc5 Re8 18. Rc3 Be6 19. Qxe7 Rxe7 20. Nxe4 Nxe4 21.
Bxe4 Bxa2 22. Bf3 a6 23. Ra1 Be6 24. Ra5 Rd8 25. h4 Red7 26. Kf1 1/2-1/2

[Event "4NCL/Div4/ATH vs. AMCAD"]
[Site "Wokefield Park ENG"]
[Date "2008.05.05"]
[Round "11.6"]
[White "Staples, Daniel J"]
[Black "Sant, Maria"]
[Result "1-0"]
[WhiteElo "2050"]
[BlackElo "1380"]
[PlyCount "85"]
[EventDate "2008.05.05"]
[EventType "team"]
[EventRounds "11"]
[EventCountry "ENG"]
[SourceDate "2007.09.15"]

1. e4 e5 2. Nf3 f6 3. d4 Nc6 4. Bb5 Bb4+ 5. c3 Bd6 6. d5 Nce7 7. c4 b6 8. Nc3
Bb7 9. O-O Ng6 10. a3 N8e7 11. Ba4 O-O 12. Nb5 Qe8 13. Nxd6 cxd6 14. Ne1 Nf4
15. Bxf4 exf4 16. Qg4 Qg6 17. Qxg6 Nxg6 18. Nd3 f3 19. Bxd7 fxg2 20. Kxg2 Nh4+
21. Kg3 Ng6 22. h4 Rad8 23. Be6+ Kh8 24. h5 Ne5 25. Nxe5 fxe5 26. f4 Ba6 27. b3
Rf6 28. fxe5 dxe5 29. Rf5 Rdf8 30. Raf1 h6 31. a4 Rxf5 32. Rxf5 Re8 33. Kg4 Bc8
34. Bxc8 Rxc8 35. Rxe5 Rg8 36. Re7 g6 37. d6 gxh5+ 38. Kxh5 Rg5+ 39. Kxh6 Rg4
40. Re8+ Rg8 41. d7 a5 42. d8=Q Rxe8 43. Qxe8# 1-0

[Event "4NCL/Div4/OXF3 vs. LIT1"]
[Site "Wokefield Park ENG"]
[Date "2008.05.05"]
[Round "11.1"]
[White "Jeffries, Majid"]
[Black "Mansson, James C"]
[Result "1/2-1/2"]
[WhiteElo "2023"]
[BlackElo "2172"]
[PlyCount "72"]
[EventDate "2008.05.05"]
[EventType "team"]
[EventRounds "11"]
[EventCountry "ENG"]
[SourceDate "2007.09.15"]

1. Nf3 c5 2. c4 Nc6 3. Nc3 Nd4 4. e3 Nxf3+ 5. Qxf3 Nf6 6. g3 g6 7. Bg2 Bg7 8.
O-O O-O 9. b3 Rb8 10. Bb2 a6 11. d4 d6 12. Qe2 cxd4 13. exd4 Bg4 14. f3 Bd7 15.
Rfe1 Re8 16. Qf2 b5 17. c5 dxc5 18. dxc5 b4 19. Ne4 Nxe4 20. Rxe4 Bxb2 21. Qxb2
{=} Bc6 22. Re2 Bb5 23. Re4 a5 24. Rc1 Bc6 25. Rd4 Qc7 26. Qd2 Qb7 27. f4 Rbc8
28. h3 {=} Bxg2 29. Qxg2 Qxg2+ 30. Kxg2 Rc6 31. Kf3 Rec8 32. Ke4 Kg7 33. Rdc4
Kf6 34. g4 Re6+ 35. Kd3 Rec6 36. Ke4 Re6+ 1/2-1/2

[Event "4NCL/Div4/OXF3 vs. LIT1"]
[Site "Wokefield Park ENG"]
[Date "2008.05.05"]
[Round "11.2"]
[White "Jones, Christopher M"]
[Black "Zhang, Marco"]
[Result "1/2-1/2"]
[WhiteElo "2145"]
[BlackElo "1925"]
[PlyCount "34"]
[EventDate "2008.05.05"]
[EventType "team"]
[EventRounds "11"]
[EventCountry "ENG"]
[SourceDate "2007.09.15"]

1. d4 Nf6 2. Nf3 d6 3. c4 b6 4. g3 Bb7 5. Bg2 g6 6. Nc3 Bg7 7. O-O Nbd7 8. Qc2
O-O 9. e4 Rb8 10. h3 e5 11. d5 c6 12. Be3 Qc7 13. Rfd1 cxd5 14. cxd5 Ba6 15.
Qa4 Qb7 16. b4 b5 17. Qa3 Nb6 1/2-1/2

[Event "4NCL/Div4/OXF3 vs. LIT1"]
[Site "Wokefield Park ENG"]
[Date "2008.05.05"]
[Round "11.3"]
[White "Levicki, Jeffrey"]
[Black "Gibson, Christopher A"]
[Result "1-0"]
[WhiteElo "1926"]
[BlackElo "2039"]
[PlyCount "51"]
[EventDate "2008.05.05"]
[EventType "team"]
[EventRounds "11"]
[EventCountry "ENG"]
[SourceDate "2007.09.15"]

1. e4 c5 2. Nf3 d6 3. d4 cxd4 4. Nxd4 Nf6 5. Nc3 a6 6. Be2 e6 7. Be3 Be7 8. f4
Nc6 9. Bf3 Qc7 10. O-O O-O 11. g4 Nxd4 12. Bxd4 Bd7 13. f5 Bc6 14. g5 Nd7 15.
g6 e5 16. Be3 Nf6 17. Bh5 Nxe4 18. gxf7+ Rxf7 19. Bxf7+ Kxf7 20. Qh5+ Kg8 21.
Nxe4 Bxe4 22. Qg4 Qxc2 23. f6 Bf8 24. fxg7 Bxg7 25. Rac1 Qd3 26. Rc8+ 1-0

[Event "4NCL/Div4/OXF3 vs. LIT1"]
[Site "Wokefield Park ENG"]
[Date "2008.05.05"]
[Round "11.4"]
[White "Jaszkiwskyj, Peter"]
[Black "Terry, Sean"]
[Result "1-0"]
[WhiteElo "2005"]
[BlackElo "1855"]
[PlyCount "45"]
[EventDate "2008.05.05"]
[EventType "team"]
[EventRounds "11"]
[EventCountry "ENG"]
[SourceDate "2007.09.15"]

1. e4 g6 2. d4 Bg7 3. f4 d6 4. Nf3 Nd7 5. Bd3 c6 6. O-O Nh6 7. h3 e5 8. c3 Qb6
9. Bc4 exd4 10. cxd4 Nf6 11. Nc3 Be6 12. Be2 d5 13. e5 Ne4 14. Bd3 Ng3 15. Re1
Bf5 16. b3 Qb4 17. Qc2 O-O 18. Be3 Rfe8 19. Kh2 Bxd3 20. Qxd3 Ngf5 21. Bd2 Ne7
22. Nxd5 Qa3 23. Bb4 1-0

[Event "4NCL/Div4/OXF3 vs. LIT1"]
[Site "Wokefield Park ENG"]
[Date "2008.05.05"]
[Round "11.5"]
[White "Harvey, Marcus R"]
[Black "Hewitt, Sean D"]
[Result "1-0"]
[WhiteElo "1810"]
[BlackElo "2005"]
[PlyCount "43"]
[EventDate "2008.05.05"]
[EventType "team"]
[EventRounds "11"]
[EventCountry "ENG"]
[SourceDate "2007.09.15"]

1. e4 e5 2. Nf3 Nc6 3. d4 exd4 4. Bc4 Nf6 5. e5 d5 6. Bb5 Ne4 7. Nxd4 Bd7 8.
Nxc6 bxc6 9. Bd3 Nc5 10. O-O Nxd3 11. Qxd3 Bc5 12. Qg3 Kf8 13. Nd2 Rb8 14. Nb3
Be7 15. Be3 a5 16. Nxa5 Rb4 17. Bd2 Rg4 18. Qf3 Rg6 19. Rfe1 h5 20. e6 Bxe6 21.
Nxc6 Qd7 22. Ne5 1-0

[Event "4NCL/Div4/OXF3 vs. LIT1"]
[Site "Wokefield Park ENG"]
[Date "2008.05.05"]
[Round "11.6"]
[White "Harrison, Peter K"]
[Black "Henbest, Kevin B"]
[Result "1-0"]
[WhiteElo "1915"]
[BlackElo "1785"]
[PlyCount "85"]
[EventDate "2008.05.05"]
[EventType "team"]
[EventRounds "11"]
[EventCountry "ENG"]
[SourceDate "2007.09.15"]

1. d4 Nf6 2. c4 g6 3. Nc3 Bg7 4. e4 d6 5. Nf3 O-O 6. Be2 e5 7. Bg5 exd4 8. Nxd4
h6 9. Be3 Bd7 10. Qd2 Kh7 11. f3 Nc6 12. Nxc6 Bxc6 13. Bd4 Bd7 14. O-O c5 15.
Be3 Ne8 16. Rad1 f5 17. Bxc5 fxe4 18. Nxe4 Qh4 19. Bf2 Qh5 20. Bg3 Bc6 21. b4
Be5 22. Bxe5 Qxe5 23. Qd4 Qe7 24. Bd3 Rf4 25. b5 Bd7 26. Qf2 Ng7 27. Rde1 Raf8
28. Ng3 Qg5 29. Re4 h5 30. Rxf4 Rxf4 31. Ne4 Qe7 32. Qg3 Qe5 33. Ng5+ Kg8 34.
Ne4 Kh7 35. Qf2 b6 36. Re1 Kh6 37. g3 Rf8 38. f4 Qf5 39. Qd4 Qg4 40. Nf2 Qf3
41. Qxd6 Bf5 42. Qxf8 Bxd3 43. Qh8# 1-0

[Event "4NCL/Div4/SCS vs. OXF2"]
[Site "Wokefield Park ENG"]
[Date "2008.05.05"]
[Round "11.1"]
[White "Haydon, David"]
[Black "Rawlinson, Aidan"]
[Result "1/2-1/2"]
[WhiteElo "2105"]
[BlackElo "2233"]
[PlyCount "34"]
[EventDate "2008.05.05"]
[EventType "team"]
[EventRounds "11"]
[EventCountry "ENG"]
[SourceDate "2007.09.15"]

1. d4 d5 2. c4 e6 3. Nf3 Nf6 4. Nc3 c6 5. e3 Nbd7 6. Bd3 dxc4 7. Bxc4 b5 8. Bd3
Bb7 9. O-O a6 10. Qe2 c5 11. dxc5 Nxc5 12. Bc2 Be7 13. a3 Nce4 14. Nxe4 Nxe4
15. Nd2 Nxd2 16. Bxd2 Bf6 17. Bb4 Qb6 1/2-1/2

[Event "4NCL/Div4/SCS vs. OXF2"]
[Site "Wokefield Park ENG"]
[Date "2008.05.05"]
[Round "11.2"]
[White "Bruce, Dave"]
[Black "Baptie, Justin P"]
[Result "1-0"]
[WhiteElo "2084"]
[BlackElo "2097"]
[PlyCount "91"]
[EventDate "2008.05.05"]
[EventType "team"]
[EventRounds "11"]
[EventCountry "ENG"]
[SourceDate "2007.09.15"]

1. e4 c5 2. Nf3 Nc6 3. d4 cxd4 4. Nxd4 e6 5. Nxc6 bxc6 6. Bd3 Qc7 7. O-O Nf6 8.
Nc3 Be7 9. Qe2 e5 10. f4 d6 11. f5 Rb8 12. Bc4 O-O 13. Bb3 Rd8 14. Bg5 d5 15.
Bxf6 Bxf6 16. Rad1 Qb6+ 17. Rf2 Ba6 18. Qh5 Be7 19. f6 Bxf6 20. exd5 g6 21. Qf3
Bg7 22. dxc6 Rxd1+ 23. Qxd1 Qxc6 24. Bxf7+ Kh8 25. Bb3 Qb6 26. Qe1 Rf8 27. Na4
Qd4 28. c3 Qxf2+ 29. Qxf2 Rxf2 30. Kxf2 Bb5 31. Nc5 Bf8 32. Ne6 Bh6 33. Bd5 Bd7
34. Nc5 Bf5 35. c4 Bc1 36. b3 Bb2 37. Ke2 Bd4 38. Nb7 Kg7 39. a4 Kf6 40. h3 h5
41. a5 Ke7 42. c5 Kd7 43. b4 Bc3 44. b5 Bd4 45. b6 axb6 46. axb6 1-0

[Event "4NCL/Div4/SCS vs. OXF2"]
[Site "Wokefield Park ENG"]
[Date "2008.05.05"]
[Round "11.3"]
[White "Moyse, Nigel"]
[Black "Duggan, Chris"]
[Result "1/2-1/2"]
[WhiteElo "2055"]
[BlackElo "2058"]
[PlyCount "45"]
[EventDate "2008.05.05"]
[EventType "team"]
[EventRounds "11"]
[EventCountry "ENG"]
[SourceDate "2007.09.15"]

1. Nf3 d5 2. d4 Nc6 3. e3 Bg4 4. c4 e5 5. cxd5 Qxd5 6. Nc3 Bb4 7. dxe5 Qxd1+ 8.
Kxd1 Nxe5 9. Bb5+ c6 10. Be2 Nxf3 11. gxf3 Bh5 12. Kc2 O-O-O 13. Rg1 Nf6 14. e4
h6 15. Be3 g5 16. Rge1 Kc7 17. Rad1 Rxd1 18. Bxd1 Nd7 {=} 19. f4 Bxd1+ 20. Rxd1
b6 21. fxg5 hxg5 22. Bxg5 Bd6 23. Rh1 1/2-1/2

[Event "4NCL/Div4/SCS vs. OXF2"]
[Site "Wokefield Park ENG"]
[Date "2008.05.05"]
[Round "11.5"]
[White "Sathyanandha, Saravanan"]
[Black "Ludbrook, Matt"]
[Result "1-0"]
[WhiteElo "1942"]
[BlackElo "2034"]
[PlyCount "105"]
[EventDate "2008.05.05"]
[EventType "team"]
[EventRounds "11"]
[EventCountry "ENG"]
[SourceDate "2007.09.15"]

1. e4 e6 2. d3 d5 3. Qe2 Nf6 4. Nf3 Be7 5. c4 c6 6. h4 b5 7. cxb5 cxb5 8. e5
Nfd7 9. g4 Nc6 10. Bf4 Qb6 11. Nc3 b4 12. Na4 Qa5 13. b3 Ba6 14. Bg2 Bb5 15.
O-O Bxa4 16. bxa4 Nc5 17. Rfc1 Rc8 18. Bd2 Qa6 19. Bf1 Nxa4 20. d4 Qxe2 21.
Bxe2 O-O 22. Rxc6 Rxc6 23. Bb5 Rc7 24. Bxa4 Rb8 25. Kf1 Kf8 26. Ke2 Rcc8 27.
Rb1 Rb6 28. h5 Kg8 29. Ne1 Rc4 30. Kd3 Rc8 31. Nc2 Rcb8 32. f4 Kf8 33. Ne3 Kg8
34. Rc1 Kf8 35. g5 g6 36. h6 Kg8 37. Nd1 Kf8 38. Nb2 Bd8 39. Bb3 R6b7 40. Na4
Be7 41. Nc5 Bxc5 42. dxc5 Ke7 43. c6 Rc7 44. Be3 Rb5 45. Bxa7 Kd8 46. Bd4 Kc8
47. Rc2 Kd8 48. Bf2 Kc8 49. Bc5 Kd8 50. Bd6 Kc8 51. Bxc7 Kxc7 52. Kd4 Rb8 53.
Rc5 1-0

[Event "4NCL/Div4/SCS vs. OXF2"]
[Site "Wokefield Park ENG"]
[Date "2008.05.05"]
[Round "11.6"]
[White "Hadi, Justin"]
[Black "Clarke, Sean A"]
[Result "1-0"]
[WhiteElo "1985"]
[BlackElo "1875"]
[PlyCount "101"]
[EventDate "2008.05.05"]
[EventType "team"]
[EventRounds "11"]
[EventCountry "ENG"]
[SourceDate "2007.09.15"]

1. e4 c6 2. d4 d5 3. exd5 Qxd5 4. c4 Qd8 5. Nf3 Bg4 6. Be2 Nf6 7. Be3 e6 8. O-O
Bd6 9. Nc3 O-O 10. Ne5 Bxe2 11. Qxe2 Qc7 12. f4 b6 13. Qf3 a6 14. Ne4 Nxe4 15.
Qxe4 f5 16. Qf3 Rc8 17. Qh5 Bxe5 18. fxe5 c5 19. Rf4 Nc6 20. Re1 cxd4 21. Bxd4
Nb4 22. Rh4 g6 23. Qh6 Rd8 24. Kh1 Rxd4 25. Rxd4 Nc2 26. Qd2 Nxd4 27. Qxd4 Rd8
28. Qe3 Qc5 29. h3 Qb4 30. b3 Qc5 31. a3 Rd1 32. Kh2 Rxe1 33. Qxe1 Qxa3 34. Qh4
Qc5 35. Qd8+ Qf8 36. Qxb6 Qc8 37. c5 Kf7 38. c6 Ke8 39. c7 f4 40. Qd6 g5 41.
Qc6+ Kf7 42. b4 h6 43. Kg1 Ke7 44. Qd6+ Ke8 45. Kf2 h5 46. Qc6+ Ke7 47. Kf3 Qd7
48. c8=N+ Kd8 49. Qxd7+ Kxd7 50. Nd6 Ke7 51. Nb7 1-0

[Event "4NCL/Div4/SSC vs. GLOSG"]
[Site "Wokefield Park ENG"]
[Date "2008.05.05"]
[Round "11.1"]
[White "Fryer, David W"]
[Black "Lambourne, Daniel M"]
[Result "1-0"]
[WhiteElo "2079"]
[BlackElo "2100"]
[PlyCount "113"]
[EventDate "2008.05.05"]
[EventType "team"]
[EventRounds "11"]
[EventCountry "ENG"]
[SourceDate "2007.09.15"]

1. e4 c5 2. Qh5 e6 3. f4 Nf6 4. Qf3 Nc6 5. c3 d6 6. g4 e5 7. f5 h5 8. g5 Nxe4
9. Qxe4 Qxg5 10. Nf3 Qxf5 11. Qxf5 Bxf5 12. d3 Be7 13. Be3 d5 14. Be2 d4 15.
Bf2 O-O-O 16. cxd4 exd4 17. Na3 Bd6 18. Bg3 Rhe8 19. Kd2 g6 20. Bxd6 Rxd6 21.
Rac1 b6 22. Rhe1 Kd7 23. Nc4 Rf6 24. Ng5 Be6 25. Ne4 Rf4 26. Rf1 Rxf1 27. Rxf1
Re7 28. Nf6+ Kc7 29. a4 Nb4 30. Bf3 a6 31. Rf2 Bd7 32. Nxd7 Rxd7 33. Re2 b5 34.
axb5 axb5 35. Na3 Kb6 36. Re8 Na6 37. Rc8 Rc7 38. Rd8 Ka5 39. Bd5 Re7 40. Ra8
Kb6 41. Nxb5 Nb4 42. Bc4 Rd7 43. Rb8+ Kc6 44. Na3 Kd6 45. Rc8 f5 46. Rg8 Ke5
47. Rxg6 Kf4 48. Rg1 Re7 49. Nb5 Kf3 50. Rf1+ Kg2 51. Rxf5 h4 52. Rxc5 Kxh2 53.
Nxd4 h3 54. Rg5 Kh1 55. Nf3 h2 56. Rh5 Kg2 57. Nxh2 1-0

[Event "4NCL/Div4/SSC vs. GLOSG"]
[Site "Wokefield Park ENG"]
[Date "2008.05.05"]
[Round "11.3"]
[White "Bucher, Grant W"]
[Black "Hosken, Nigel"]
[Result "1-0"]
[WhiteElo "1947"]
[BlackElo "2021"]
[PlyCount "83"]
[EventDate "2008.05.05"]
[EventType "team"]
[EventRounds "11"]
[EventCountry "ENG"]
[SourceDate "2007.09.15"]

1. e4 c5 2. Nf3 e6 3. d4 cxd4 4. Nxd4 Nc6 5. Nb5 d6 6. c4 a6 7. N5c3 Nf6 8. Be3
Qc7 9. Be2 Be7 10. O-O O-O 11. Na3 Ne5 12. f4 Ned7 13. Bf3 Rb8 14. Ba7 Ra8 15.
Be3 Rb8 16. Qe2 b6 17. g4 Bb7 18. g5 Ne8 19. Rac1 Bc6 20. Nd5 Qd8 21. Nxe7+
Qxe7 22. b4 Ba8 23. Nc2 Nc7 24. Rfd1 Rfd8 25. Nd4 Rbc8 26. a3 g6 27. Nb3 b5 28.
c5 dxc5 29. Nxc5 Qe8 30. Bd4 Nxc5 31. Rxc5 Bb7 32. Ba1 Rxd1+ 33. Qxd1 Na8 34.
Qd4 Kf8 35. Qd6+ Qe7 36. Bg7+ Ke8 37. Rxc8+ Bxc8 38. Qc6+ Qd7 39. Qxa8 Qc7 40.
Bd4 Qc1+ 41. Kg2 Qd2+ 42. Bf2 1-0

[Event "4NCL/Div4/SSC vs. GLOSG"]
[Site "Wokefield Park ENG"]
[Date "2008.05.05"]
[Round "11.4"]
[White "Taylor, Geoffrey P"]
[Black "Tucker, Andrew L"]
[Result "0-1"]
[WhiteElo "2041"]
[BlackElo "1964"]
[PlyCount "76"]
[EventDate "2008.05.05"]
[EventType "team"]
[EventRounds "11"]
[EventCountry "ENG"]
[SourceDate "2007.09.15"]

1. e4 c5 2. Nf3 Nc6 3. d4 cxd4 4. Nxd4 Nf6 5. Nc3 e6 6. Be3 Bb4 7. Bd3 d5 8.
Nxc6 bxc6 9. e5 Nd7 10. Qg4 Qa5 11. O-O g6 12. f4 h5 13. Qe2 c5 14. Nxd5 exd5
15. a3 c4 16. e6 cxd3 17. exd7+ Bxd7 18. cxd3 Be7 19. b4 Qd8 20. Bc5 Be6 21.
Rae1 Bxc5+ 22. bxc5 Qf6 23. f5 gxf5 24. Kh1 Kf8 25. Rf4 Rb8 26. d4 Rb3 27. Qa6
Qg5 28. g3 h4 29. Rxe6 hxg3 30. Qd6+ Kg7 31. Qe5+ f6 32. Qc7+ Kg6 33. Re1 Rxh2+
34. Kg1 Rh1+ 35. Kxh1 Qh5+ 36. Kg1 Qh2+ 37. Kf1 g2+ 38. Ke2 g1=Q+ 0-1

[Event "4NCL/Div4/SSC vs. GLOSG"]
[Site "Wokefield Park ENG"]
[Date "2008.05.05"]
[Round "11.5"]
[White "Grant, David"]
[Black "Meade, Philip J"]
[Result "0-1"]
[WhiteElo "1964"]
[BlackElo "2020"]
[PlyCount "54"]
[EventDate "2008.05.05"]
[EventType "team"]
[EventRounds "11"]
[EventCountry "ENG"]
[SourceDate "2007.09.15"]

1. e4 e6 2. Nf3 d5 3. Nc3 dxe4 4. Nxe4 Nf6 5. Nxf6+ Qxf6 6. d4 h6 7. Bd3 Bd6 8.
Be3 Nd7 9. Qd2 O-O 10. h4 e5 11. Bg5 Qe6 12. d5 Qg4 13. Be2 hxg5 14. hxg5 Qf4
15. Qxf4 exf4 16. O-O-O Re8 17. Bd3 g6 18. Rh4 Nf8 19. Rdh1 Bd7 20. Nd2 Be5 21.
Ne4 Kg7 22. Nc5 Re7 23. Rh8 Bg4 24. R1h7+ Nxh7 25. Rxa8 Nxg5 26. Nxb7 Bd4 27.
f3 Bxf3 0-1

[Event "4NCL/Div4/SSC vs. GLOSG"]
[Site "Wokefield Park ENG"]
[Date "2008.05.05"]
[Round "11.6"]
[White "Dodwell, Phil"]
[Black "Woods, Tim"]
[Result "1/2-1/2"]
[WhiteElo "2015"]
[BlackElo "1940"]
[PlyCount "28"]
[EventDate "2008.05.05"]
[EventType "team"]
[EventRounds "11"]
[EventCountry "ENG"]
[SourceDate "2007.09.15"]

1. e4 d6 2. d4 Nf6 3. Nc3 g6 4. g3 Bg7 5. Bg2 O-O 6. h3 Nc6 7. Nge2 e5 8. Be3
Re8 9. O-O exd4 10. Nxd4 Bd7 11. Re1 Qc8 12. Kh2 Re5 13. Nde2 a6 14. a3 Rb8
1/2-1/2